| 000 | 00517nam a2200205Ia 4500 | ||
|---|---|---|---|
| 003 | OSt | ||
| 005 | 20250926113516.0 | ||
| 008 | 210210b2011 xxu||||| |||| 00| 0 eng d | ||
| 020 | _a9789350247976 | ||
| 040 | _cAL | ||
| 041 | _aeng | ||
| 082 | _a650 CHEB | ||
| 100 |
_aFrancis Cherunilam _9240605 |
||
| 245 |
_aBusiness environment _b: text and cases |
||
| 260 |
_aMumbai _bHimalaya Publishing House _c2011 |
||
| 300 | _ax,774p | ||
| 690 |
_aBusiness Environment _9240607 |
||
| 906 | _a066272 | ||
| 942 |
_2ddc _cBK |
||
| 999 |
_c147659 _d147659 |
||